Literary Vocabulary IX Quiz Stats

 Plays Quiz not verified by Sporcle

Challenge
Share
Tweet
Embed
Score 0/56 Timer 20:00
0 Plays Today
% Correct
demigod
95%
canalize
90%
gastronome
90%
theologaster
90%
emend
85%
haute
85%
humus
85%
impresario
85%
mollify
85%
nubile
85%
riven
85%
wry
85%
admonition
80%
bonhomie
80%
estimable
80%
lithe
80%
pugnacity
80%
quisling
80%
simper
80%
sundries
80%
sylvan
80%
triage
80%
abjure
75%
ascetic
75%
compunction
75%
lucre
75%
panarchy
75%
penury
75%
% Correct
prosaic
75%
untenable
75%
vespers
75%
blandishment
70%
internecine
70%
manumission
70%
obsequious
70%
putative
70%
welter
70%
fulgent
65%
incicurable
65%
callow
60%
enfilade
60%
nidorous
60%
tumid
60%
demesne
55%
diffident
55%
fain
55%
jaundiced
50%
orison
50%
freshet
45%
acclivity
40%
banausic
40%
contumely
40%
lazaret
40%
sapid
40%
vagient
30%
yeasty
30%

You're not logged in!

Compare scores with friends on all Sporcle quizzes.
OR
Log In

You Might Also Like...

Show Comments

Extras

Top Quizzes Today


Score Distribution

Your Account Isn't Verified!

In order to create a playlist on Sporcle, you need to verify the email address you used during registration. Go to your Sporcle Settings to finish the process.

Report this User

Report this user for behavior that violates our Community Guidelines.

Details: